<?xml version="1.0" encoding="UTF-8"?>
<collection xmlns="http://www.loc.gov/MARC21/slim">
 <record>
  <leader>01796nam a2200325 a 4500</leader>
  <controlfield tag="001">1/41470</controlfield>
  <controlfield tag="008">110725s2010    gr            001 0 gre  </controlfield>
  <datafield tag="020" ind1=" " ind2=" ">
   <subfield code="a">9789600224061</subfield>
  </datafield>
  <datafield tag="035" ind1=" " ind2=" ">
   <subfield code="l">44258</subfield>
  </datafield>
  <datafield tag="040" ind1=" " ind2=" ">
   <subfield code="a">GR-PeUP</subfield>
  </datafield>
  <datafield tag="090" ind1=" " ind2=" ">
   <subfield code="a">338.5 STI ΜΤΦ</subfield>
  </datafield>
  <datafield tag="100" ind1="1" ind2=" ">
   <subfield code="a">Stiglitz, Joseph E.,</subfield>
   <subfield code="d">1943-</subfield>
  </datafield>
  <datafield tag="245" ind1="1" ind2="0">
   <subfield code="a">Αρχές της μικροοικονομικής /</subfield>
   <subfield code="c">Joseph E. Stiglitz, Carl E. Walsh ;επιστ. επιμέλεια Θοδωρής Πελαγίδης, Γιώργος Χορταρέας ;μετάφραση Γιώργος Ν. Νέζης.</subfield>
  </datafield>
  <datafield tag="260" ind1=" " ind2=" ">
   <subfield code="a">Αθήνα :</subfield>
   <subfield code="b">Παπαζήση,</subfield>
   <subfield code="c">2010.</subfield>
  </datafield>
  <datafield tag="300" ind1=" " ind2=" ">
   <subfield code="a">1110 σ. ;</subfield>
   <subfield code="c">23 εκ.</subfield>
  </datafield>
  <datafield tag="500" ind1=" " ind2=" ">
   <subfield code="a">4η Αμερικανική έκδοση.</subfield>
  </datafield>
  <datafield tag="500" ind1=" " ind2=" ">
   <subfield code="a">Περιέχει ευρετήριο.</subfield>
  </datafield>
  <datafield tag="650" ind1=" " ind2="4">
   <subfield code="a">Μικροοικονομική.</subfield>
  </datafield>
  <datafield tag="700" ind1="1" ind2=" ">
   <subfield code="a">Walsh, Carl E.</subfield>
  </datafield>
  <datafield tag="700" ind1="1" ind2=" ">
   <subfield code="a">Πελαγίδης, Θεόδωρος Κ.</subfield>
  </datafield>
  <datafield tag="700" ind1="1" ind2=" ">
   <subfield code="a">Χορταρέας, Γιώργος.</subfield>
  </datafield>
  <datafield tag="700" ind1="1" ind2=" ">
   <subfield code="a">Νέζης, Γεώργιος Α.</subfield>
  </datafield>
  <datafield tag="852" ind1=" " ind2=" ">
   <subfield code="a">INST</subfield>
   <subfield code="b">UNIPILB</subfield>
   <subfield code="c">EUDOXOS</subfield>
   <subfield code="e">20130725</subfield>
   <subfield code="h">338.5 STI ΜΤΦ</subfield>
   <subfield code="p">00168403</subfield>
   <subfield code="q">00168403</subfield>
   <subfield code="t">EUDOX</subfield>
   <subfield code="y">4</subfield>
   <subfield code="x">20190926</subfield>
   <subfield code="4">7</subfield>
  </datafield>
  <datafield tag="852" ind1=" " ind2=" ">
   <subfield code="a">INST</subfield>
   <subfield code="b">UNIPILB</subfield>
   <subfield code="c">MAIN</subfield>
   <subfield code="e">20110725</subfield>
   <subfield code="h">338.5 STI ΜΤΦ</subfield>
   <subfield code="p">00163305</subfield>
   <subfield code="q">00163305</subfield>
   <subfield code="t">LOAN</subfield>
   <subfield code="y">0</subfield>
   <subfield code="4">2</subfield>
  </datafield>
  <datafield tag="852" ind1=" " ind2=" ">
   <subfield code="a">INST</subfield>
   <subfield code="b">UNIPILB</subfield>
   <subfield code="c">MAIN</subfield>
   <subfield code="e">20110725</subfield>
   <subfield code="h">338.5 STI ΜΤΦ</subfield>
   <subfield code="p">00163306</subfield>
   <subfield code="q">00163306</subfield>
   <subfield code="t">LOAN</subfield>
   <subfield code="y">0</subfield>
   <subfield code="4">3</subfield>
  </datafield>
  <datafield tag="852" ind1=" " ind2=" ">
   <subfield code="a">INST</subfield>
   <subfield code="b">UNIPILB</subfield>
   <subfield code="c">MAIN</subfield>
   <subfield code="e">20110725</subfield>
   <subfield code="h">338.5 STI ΜΤΦ</subfield>
   <subfield code="p">00163307</subfield>
   <subfield code="q">00163307</subfield>
   <subfield code="t">LOAN</subfield>
   <subfield code="y">0</subfield>
   <subfield code="4">4</subfield>
  </datafield>
  <datafield tag="852" ind1=" " ind2=" ">
   <subfield code="a">INST</subfield>
   <subfield code="b">UNIPILB</subfield>
   <subfield code="c">MAIN</subfield>
   <subfield code="e">20110725</subfield>
   <subfield code="h">338.5 STI ΜΤΦ</subfield>
   <subfield code="p">00163308</subfield>
   <subfield code="q">00163308</subfield>
   <subfield code="t">LOAN</subfield>
   <subfield code="y">23</subfield>
   <subfield code="4">5</subfield>
  </datafield>
  <datafield tag="852" ind1=" " ind2=" ">
   <subfield code="a">INST</subfield>
   <subfield code="b">UNIPILB</subfield>
   <subfield code="c">MAIN</subfield>
   <subfield code="e">20110725</subfield>
   <subfield code="h">338.5 STI ΜΤΦ</subfield>
   <subfield code="p">00163309</subfield>
   <subfield code="q">00163309</subfield>
   <subfield code="t">LOAN</subfield>
   <subfield code="y">4</subfield>
   <subfield code="x">20201021</subfield>
   <subfield code="4">1</subfield>
  </datafield>
  <datafield tag="852" ind1=" " ind2=" ">
   <subfield code="a">INST</subfield>
   <subfield code="b">UNIPILB</subfield>
   <subfield code="c">MAIN</subfield>
   <subfield code="e">20121016</subfield>
   <subfield code="h">338.5 STI ΜΤΦ</subfield>
   <subfield code="p">00164751</subfield>
   <subfield code="q">00164751</subfield>
   <subfield code="t">LOAN</subfield>
   <subfield code="y">0</subfield>
   <subfield code="4">6</subfield>
  </datafield>
  <datafield tag="852" ind1=" " ind2=" ">
   <subfield code="a">INST</subfield>
   <subfield code="b">UNIPILB</subfield>
   <subfield code="c">MAIN</subfield>
   <subfield code="e">20211005</subfield>
   <subfield code="h">338.5 STI ΜΤΦ</subfield>
   <subfield code="p">00186451</subfield>
   <subfield code="q">00186451</subfield>
   <subfield code="t">LOAN</subfield>
   <subfield code="y">4</subfield>
   <subfield code="x">20230227</subfield>
   <subfield code="4">8</subfield>
  </datafield>
 </record>
</collection>
